| 000 | 01143cam a22003377a 4500 | ||
|---|---|---|---|
| 003 | CHAP | ||
| 005 | 20220817041419.0 | ||
| 008 | 971013s1980 r 00010 d | ||
| 010 | _a13773 | ||
| 011 | _a14745 | ||
| 035 | _a18819 | ||
| 040 | _cCHAP | ||
| 090 | _aFolleto 6722 | ||
| 100 | 0 | 0 |
_aHenfling, Jan W. _953595 |
| 245 | 1 | 3 | _aEl tizón tardío de la papa Phytophthora infestans |
| 260 |
_aLima : _bCentro Internacional de la Papa, _c1980 |
||
| 300 |
_a16 h. _b: apénd. |
||
| 490 | 0 |
_aBoletín de información técnica _v; 4 |
|
| 590 |
_aBATCH-UPD _b10 _c20130110 _lUCH01 _h1702 |
||
| 590 |
_aBATCH-UPD _b10 _c20130410 _lUCH01 _h1049 |
||
| 590 |
_aBATCH-UPD _b10 _c20130914 _lUCH01 _h0910 |
||
| 590 |
_aCONVERSION _b10 _c20130109 _lUCH01 _h1309 |
||
| 650 | 1 | 4 |
_aPapa _xEnfermedades por hongos. _985229 |
| 650 | 1 | 4 |
_aTizón tardío de la papa. _9113451 |
| 710 | 0 | _aCentro Internacional de la Papa. | |
| 830 | 0 |
_aBoletín de información técnica _v; 4 _913530 |
|
| 901 | _aBK | ||
| 942 | _cFOLL | ||
| 949 |
_aFolleto 6722 _bBC _cFOLL _d33724002035941 _eTS2 _fc.2 _i18819 _sb |
||
| 949 |
_aFolleto 6722 _bBC _cFOLL _d33724002035983 _eTS1 _i18819 _sb |
||
| 999 |
_c13773 _d13773 |
||